000 00406nam a2200157Ia 4500
003 Ost
005 20260225132539.0
008 260225s9999||||xx |||||||||||||| ||und||
040 _cfsic
041 _afre
082 _a302.2
100 _aSandrine vernet/Klaus gerke
_eAuteur
245 0 _aChomsky,les médias et les illusions nécéssaires /
245 0 _cSandrine vernet/Klaus gerke
942 _cكتاب
999 _c33395
_d33395